• 首页
  • 本馆介绍
  • 公告通知
  • 最新文献
  • 馆藏检索
  • 电子资源
  • 读者导购
  • 参考咨询
  • 我的图书馆
  • 登录
  • 详细信息显示
  • 放入我的书架
  • 预约/预借图书
  • 作者相关作品
  • 分类相关作品
  • 丛书相关作品
  • 出版社相关作品

书目信息

  • 表格格式
  • 工作单格式
  • 卡片格式
题名:
人生
    
 
作者: 路遥 著
分册:  
出版信息: 北京   人民文学出版社  2006
页数: 183页
开本: 19cm
丛书名: 九元丛书
单 册:
中图分类: I247.5
科图分类:
主题词: 中篇小说--中国--现代
电子资源:
ISBN: 7-02-005365-3
000 00609oam2 2200229 450
001 010040030508
005 20061226105654.95
010    @a7-02-005365-3@dCNY9.00
100    @a20060215d2006 em y0chiy0110 ea
101 0  @achi
102    @aCN@b110000
105    @ay z 000ay
200 1  @a人生@9ren sheng@f路遥著
210    @a北京@c人民文学出版社@d2006
215    @a183页@d19cm
225 2  @a九元丛书@h第一辑@i中篇金典
462  0 @12001 @a中篇金典
606 0  @a中篇小说@y中国@z现代
690    @aI247.5@v4
701  0 @a路遥@9lu yao@4著
801  0 @aCN@bRENTIAN@c20061226
905    @a10447@dI247.5@e1531:20
    
    人生/路遥著.-北京:人民文学出版社,2006
    183页;19cm.-(九元丛书.第一辑.中篇金典)
    
    
    ISBN 7-02-005365-3:CNY9.00
    
●
相关链接 在E读中查询图书 在五车中查询图书 在当当中查询图书 在豆瓣中查询图书


正题名:人生     索取号:I247.5/1531:20         预约/预借

序号 登录号 条形码 馆藏地/架位号 状态 备注
1 0388536   203885368   第一样本阅览室/ [索取号:I247.5/1531:20] 在馆    
2 0388537   203885377   第二借阅区/ [索取号:I247.5/1531:20] 已借出,限还日期为2017.12.01
借出人:汪爱国  
 
3 0388538   203885386   第二借阅区/ [索取号:I247.5/1531:20] 在馆    
4 0388539   203885395   第二借阅区/ [索取号:I247.5/1531:20] 在馆    
5 0388540   203885402   第二借阅区/ [索取号:I247.5/1531:20] 在馆    
6 0388541   203885411   第二借阅区/ [索取号:I247.5/1531:20] 在馆    
7 0388542   203885420   第二借阅区/ [索取号:I247.5/1531:20] 在馆    
8 0388543   203885439   第二借阅区/ [索取号:I247.5/1531:20] 在馆    
9 0388544   203885448   第二借阅区/ [索取号:I247.5/1531:20] 在馆    
10 0615864   206158646   第二借阅区/ [索取号:I247.5/1531:20] 在馆    
11 0615865   206158655   第二借阅区/ [索取号:I247.5/1531:20] 在馆    
12 0615866   206158664   第二借阅区/ [索取号:I247.5/1531:20] 在馆    
13 0615867   206158673   第二借阅区/ [索取号:I247.5/1531:20] 在馆    
14 0615868   206158682   第二借阅区/ [索取号:I247.5/1531:20] 在馆    
15 0615869   206158691   第二借阅区/ [索取号:I247.5/1531:20] 在馆    
16 0615870   206158708   第二借阅区/ [索取号:I247.5/1531:20] 在馆    
唐山师范学院图书馆 欢迎您!
大连网信软件有限公司© 版权所有